عرض عادي عرض مارك
  • Stein, Elias M.,

مدخل إسم شخص

عدد التسجيلات المستخدمة في: 1

001 - رقم الضبط

  • حقل الضبط: 45916

003 - معرف رقم الضبط

  • حقل الضبط: OSt

005 - تاريخ ووقت أخر عملية

  • حقل الضبط: 20140707132553.0

008 - عناصر بيانات ثابتة الطول

  • حقل تحكم ثابت الطول: 140707|||a|||||| | ||| d

040 ## - مصدر الفهرسة

  • هيئة الفهرسة الأصلية: OSt
  • وكالة الكتابة: OSt

100 ## - مدخل -- أسم شخص

  • إسم شخص: Stein, Elias M.,
  • تواريخ مرتبطة بالاسم: 1931-

670 ## - بيانات المصدر موجوده

  • الاستشهاد بالمصدر: Work cat.: (OSt)0: Stein, Elias M., 1931-, Functional analysis :, c2011.